Państwa, w których nakręcono Gwiezdne Wojny - Statystyki

Ogólne statystyki
  • Ten quiz został rozwiązany 309 razy
  • Średni wynik to 10 z 19
Statystyki odpowiedzi
Państwo % Poprawnych
Stany Zjednoczone
95%
Australia
87%
Meksyk
85%
Chiny
83%
Hiszpania
82%
Wielka Brytania
80%
Włochy
77%
Norwegia
70%
Tunezja
58%
Islandia
55%
Irlandia
54%
Boliwia
46%
Szwajcaria
41%
Tajlandia
40%
Chorwacja
31%
Gwatemala
23%
Zjednoczone Emiraty Arabskie
21%
Jordania
14%
Malediwy
8%
Nie znaleziono quizów pasujących do podanych kryteriów
Rozkład punktacji
Procent ludzi z każdym wynikiem
Percentyl według liczby udzielonych odpowiedzi
Twoja historia wyników
Nie rozwiązałeś tego quizu